Globalisierung als Standortarbitrage. Zur Standortqualität von Industrieländern.

Využitie metódy strategického plánovania a regionálnej analýzy (Stift-Analyse). Faktory kvality priestoru pre umiestenie investícií. Portfolio rizikových výnosov, bariér vstupu a výstupu. Portfolio ekonomickej atraktivity: celkové ekonomické indikátory, analýza podielu na trhu, dopyt, ľudské zdroje,...

Descrizione completa

Salvato in:
Dettagli Bibliografici
Autore principale: Albach, Horst
Natura: Capitolo di libro
Lingua:tedesco
Soggetti:
Tags: Aggiungi Tag
Nessun Tag, puoi essere il primo ad aggiungerne!!

MARC

LEADER 00000naa a2200000 4500
001 r011129
005 20221208123359.7
041 0 |a ger 
044 |a DE 
245 1 0 |a Globalisierung als Standortarbitrage.  |b Zur Standortqualität von Industrieländern.  |c Horst Albach 
520 |a Využitie metódy strategického plánovania a regionálnej analýzy (Stift-Analyse). Faktory kvality priestoru pre umiestenie investícií. Portfolio rizikových výnosov, bariér vstupu a výstupu. Portfolio ekonomickej atraktivity: celkové ekonomické indikátory, analýza podielu na trhu, dopyt, ľudské zdroje, dane. Administratívna atraktívnosť: konsenzus v spoločnosti, sociálna klíma, ekologické zákony, miestna správa. Opatrenia na zlepšenie atraktivity pre zahraničných investorov. 
610 2 0 |a investície zahraničné 
610 2 0 |a kapitál zahraničný 
610 2 0 |a plánovanie strategické 
610 2 0 |a portfólio 
610 2 0 |a ukazovatele ekonomické 
610 2 0 |a výroba priemyselná 
610 2 0 |a analýza ekonomická 
610 2 0 |a trh 
610 2 0 |a dopyt 
610 2 0 |a dane 
610 2 0 |a ekológia 
610 2 0 |a správa miestna 
610 2 0 |a internacionalizácia ekonomiky 
100 1 |a Albach, Horst